000 00920nab a2200289 4500
003 BR-BrBNA
005 20251021115806.0
008 251021b bl.||||| |||| 00| 0 por d
040 _aBR-BrBNA
_bpor
072 _aF01 ; P06 ; E13 ; P01
_b0230
100 _aRibeiro, Juliana
245 _aA nova onda energética do campo
_bAgronegócios
500 _a12 illus.
650 _aCANA DE AÇÚCAR
650 _aETANOL
650 _aBIOCOMBUSTÍVEL
650 _aBIOENERGIA
650 _aINVESTIMENTO
650 _aENERGIA ELÉTRICA
650 _aELIMINAÇÃO DE RESÍDUO
650 _aBAGAÇO
650 _aENERGIA RENOVÁVEL
650 _aSUSTENTABILIDADE
773 0 _01706
_9347992
_dSão Paulo-SP Editora Três Ltda - E-mail: luizfsa@revistadinheiro.com.br 2004
_o2025-0487
_tDinheiro Rural (Brazil)
_x1807-3700
_gv. 7(83) p. 62-67; (2011)
_wBR2025004551
942 _cANA
999 _c338740
_d338740